Lízing a rozvoj podnikateľských subjektov diplomová práca

Saved in:
Bibliographic Details
Main Author: Kupcová, Lucia
Corporate Author: Ekonomická univerzita v Bratislave. Fakulta podnikového manažmentu
Other Authors: Strieška, Ľubomír
Format: Book
Language:Slovak
Published: Bratislava 2010
Tags: Add Tag
No Tags, Be the first to tag this record!

MARC

LEADER 00000nam a2200000 4500
001 0122409
005 20240318122524.4
041 0 |a slo 
044 |a SK 
245 1 0 |a Lízing a rozvoj podnikateľských subjektov  |b diplomová práca  |c Lucia Kupcová ; škol. Ľubomír Strieška 
264 1 |a Bratislava  |c 2010 
300 |a 62 s. 
100 1 |a Kupcová, Lucia 
700 1 |a Strieška, Ľubomír 
710 2 |a Ekonomická univerzita v Bratislave. Fakulta podnikového manažmentu